000 00693nam a2200265Ia 4500
003 OSt
005 20221005100142.0
006 a|||||r|||| 00| 0
007 ta
008 221004b |||||||| |||| 00| 0 tam d
020 _c3.25
024 _a63795
037 _cTextual
040 _aCRL
_cCRL
_btam
041 _2tam
_atam
082 _aO31,3N02x, H6
100 _aKugappiriyai Au.
_9620784
245 0 _aSanjeevi
260 _aPuthukkottai
_bThamizh Nilaiyam India
_c1946
300 _a255p.
_ccm.
650 _a TAMIL LITERATURE
650 _aTAMIL DRAMA
_9192671
942 _hO31,3N02x, H6
_cTEXL
_2cc
999 _c1004752
_d1004752